[Event "Wch U16 Girls"]
[Site "Montesilvano"]
[Date "2023.11.15"]
[Round "3"]
[White "Begic, Klara"]
[Black "Kaldarova, Ayaulym"]
[Result "1/2-1/2"]
[WhiteElo "1877"]
[BlackElo "2005"]
[PlyCount "103"]
[EventDate "2023.11.13"]
[EventType "swiss"]
[EventRounds "11"]
[EventCountry "ITA"]
[SourceTitle "CB48_2023"]
[SourceDate "2023.11.29"]
[SourceVersion "1"]
[SourceVersionDate "2023.11.29"]
[SourceQuality "1"]

1. d4 e6 2. c4 b6 3. e4 Bb4+ 4. Nc3 Bb7 5. f3 Qh4+ 6. g3 Bxc3+ 7. bxc3 Qe7 8. Bg2 d6 9. Ne2 Nf6 10. Qb3 Nc6 11. Ba3 Nd7 12. e5 Na5 13. Qa4 0-0 14. 0-0 Ba6 15. f4 Rad8 16. Rfd1 Bxc4 17. Nc1 c5 18. Nb3 Bxb3 19. axb3 dxe5 20. fxe5 Qg5 21. dxc5 Qe3+ 22. Kh1 Qxc3 23. c6 Nc5 24. Bxc5 Rxd1+ 25. Rxd1 Qxc5 26. b4 Qc4 27. c7 Qxc7 28. bxa5 bxa5 29. Ra1 Qxe5 30. Qxa5 Qf6 31. Qxa7 g6 32. Rf1 Qe5 33. Qa1 Qxa1 34. Rxa1 Kg7 35. Kg1 Rd8 36. Ra2 Rd7 37. Kf2 Rc7 38. Be4 Rc5 39. Rc2 Re5 40. Kf3 Ra5 41. Bc6 Rf5+ 42. Ke4 h5 43. Bd7 Kf6 44. Rc3 Ke7 45. Ba4 h4 46. g4 Rf2 47. Rc2 f5+ 48. Ke3 Rxc2 49. Bxc2 fxg4 50. Kf4 g3 51. Ke4 Kf6 52. Bb3 1/2-1/2

[Event "World ol U16"]
[Site "Eindhoven"]
[Date "2023.08.18"]
[Round "9.12"]
[White "Karaivanova, Petya F"]
[Black "Begic, Klara"]
[Result "0-1"]
[WhiteElo "2043"]
[BlackElo "1787"]
[PlyCount "84"]
[EventDate "2023.08.13"]
[EventType "team-swiss"]
[EventRounds "9"]
[EventCountry "NED"]
[SourceTitle "CBM 215 Extra"]
[Source "ChessBase"]
[SourceDate "2023.09.30"]
[SourceVersion "1"]
[SourceVersionDate "2023.09.30"]
[SourceQuality "1"]
[WhiteTeam "Bulgaria"]
[BlackTeam "Croatia"]
[WhiteTeamCountry "BUL"]
[BlackTeamCountry "CRO"]

1. e4 c6 2. d4 d5 3. e5 c5 4. Nf3 cxd4 5. Nxd4 Nc6 6. Nxc6 bxc6 7. Bd3 e6 8. 0-0 Ne7 9. f4 a5 10. Qe2 Qb6+ 11. Kh1 Ba6 12. Nd2 Bxd3 13. Qxd3 Ng6 14. Nf3 Qa6 15. Qd1 Bc5 16. Bd2 0-0 17. g4 Ne7 18. Qe1 Rab8 19. b3 Bb4 20. c3 Bc5 21. Nh4 Ng6 22. Ng2 Rfe8 23. Qg3 Qe2 24. Rad1 h5 25. f5 h4 26. Qe1 Qxe1 27. Rdxe1 exf5 28. Rxf5 h3 29. Nf4 Nh4 30. Rh5 Nf3 31. Re2 Nxd2 32. Nd3 Ne4 33. Nxc5 Nxc5 34. Re3 f6 35. Rexh3 fxe5 36. g5 Kf7 37. R5h4 Ke6 38. Rh7 Rg8 39. Rf3 Ne4 40. h4 Nd6 41. h5 Ne4 42. h6 Nxg5 0-1

[Event "EU-ch Amateur U2000"]
[Site "Zagreb"]
[Date "2022.08.18"]
[Round "6"]
[White "Begic, Klara"]
[Black "Tomazin, Marjan"]
[Result "1-0"]
[WhiteElo "1659"]
[BlackElo "1944"]
[PlyCount "81"]
[EventDate "2022.08.14"]
[EventType "swiss"]
[EventRounds "9"]
[EventCountry "CRO"]
[SourceTitle "CBM 210 Extra"]
[Source "ChessBase"]
[SourceDate "2022.11.30"]
[SourceVersion "1"]
[SourceVersionDate "2022.11.30"]
[SourceQuality "1"]

1. d4 d6 2. Nf3 Nf6 3. Bf4 Bg4 4. Nbd2 Nbd7 5. h3 Bxf3 6. Nxf3 c5 7. e3 g6 8. c3 Bg7 9. Qb3 a6 10. a4 0-0 11. a5 cxd4 12. exd4 e5 13. Be3 Qc7 14. Be2 Nh5 15. 0-0 Nf4 16. Bxf4 exf4 17. Rfe1 Rac8 18. Nd2 Nb8 19. Bf3 Nc6 20. Qb6 Qd7 21. Re2 Rfe8 22. Rae1 Rxe2 23. Rxe2 Kf8 24. Kf1 Re8 25. Rxe8+ Kxe8 26. Ke2 h5 27. Kd3 Nd8 28. Nc4 d5 29. Na3 Qf5+ 30. Kd2 Bf8 31. Nc2 Kd7 32. Ne1 Bd6 33. Nd3 Bc7 34. Qc5 Qg5 35. b4 Qf6 36. Qxd5+ Qd6 37. Nxf4 Ke7 38. Qxd6+ Bxd6 39. Nd5+ Ke6 40. Kd3 Nc6 41. Nb6 1-0

[Event "EU-ch Amateur U2000"]
[Site "Zagreb"]
[Date "2022.08.15"]
[Round "2"]
[White "Begic, Klara"]
[Black "Klement, Dubravko"]
[Result "1-0"]
[WhiteElo "1659"]
[BlackElo "1879"]
[PlyCount "59"]
[EventDate "2022.08.14"]
[EventType "swiss"]
[EventRounds "9"]
[EventCountry "CRO"]
[SourceTitle "CBM 210 Extra"]
[Source "ChessBase"]
[SourceDate "2022.11.30"]
[SourceVersion "1"]
[SourceVersionDate "2022.11.30"]
[SourceQuality "1"]

1. d4 c5 2. c3 d5 3. Nf3 e6 4. Bf4 Nf6 5. e3 Nc6 6. Nbd2 cxd4 7. exd4 Be7 8. Bd3 0-0 9. 0-0 h6 10. h3 b6 11. Re1 Bb7 12. Ne5 Nxe5 13. Bxe5 Bd6 14. f4 Re8 15. Re3 Bf8 16. Bb5 Nd7 17. Qa4 Nxe5 18. Bxe8 Ng6 19. Bc6 Bxc6 20. Qxc6 Rc8 21. Qb5 Nxf4 22. Nf3 Bd6 23. Rf1 f6 24. g3 Nxh3+ 25. Kg2 Ng5 26. Nxg5 hxg5 27. Rxe6 Bb8 28. Rfe1 Qc7 29. Re8+ Rxe8 30. Qxe8+ 1-0

[Event "CRO-chT U16"]
[Site "Crikvenica"]
[Date "2021.12.20"]
[Round "6.4"]
[White "Radic, Borna"]
[Black "Begic, Klara"]
[Result "0-1"]
[WhiteElo "1295"]
[BlackElo "1483"]
[PlyCount "41"]
[EventDate "2021.12.18"]
[EventType "team-tourn"]
[EventRounds "7"]
[EventCountry "CRO"]
[SourceTitle "CBM 206 Extra"]
[Source "ChessBase"]
[SourceDate "2022.03.31"]
[SourceVersion "1"]
[SourceVersionDate "2022.03.31"]
[SourceQuality "1"]
[WhiteTeam "Vukovar Slaven"]
[BlackTeam "Kastel Novi Sedlar"]
[WhiteTeamCountry "CRO"]
[BlackTeamCountry "CRO"]

1. d4 d5 2. c4 e6 3. Nc3 Nf6 4. Bg5 Bb4 5. a3 Bxc3+ 6. bxc3 0-0 7. Nf3 b6 8. cxd5 exd5 9. e3 Qd6 10. Bxf6 Qxf6 11. Bd3 Bg4 12. Be2 Rd8 13. h3 Bf5 14. Bd3 Bxd3 15. Qxd3 Nd7 16. 0-0 c5 17. Rfc1 Rac8 18. Rc2 Qd6 19. Rac1 c4 20. Qe2 Qxa3 21. Ra2 0-1

[Event "CRO-chT U16"]
[Site "Crikvenica"]
[Date "2021.12.19"]
[Round "4.4"]
[White "Golubovic, Erik"]
[Black "Begic, Klara"]
[Result "0-1"]
[WhiteElo "1426"]
[BlackElo "1483"]
[PlyCount "104"]
[EventDate "2021.12.18"]
[EventType "team-tourn"]
[EventRounds "7"]
[EventCountry "CRO"]
[SourceTitle "CBM 206 Extra"]
[Source "ChessBase"]
[SourceDate "2022.03.31"]
[SourceVersion "1"]
[SourceVersionDate "2022.03.31"]
[SourceQuality "1"]
[WhiteTeam "Rijeka"]
[BlackTeam "Kastel Novi Sedlar"]
[WhiteTeamCountry "CRO"]
[BlackTeamCountry "CRO"]

1. e4 e6 2. d3 d5 3. Qe2 dxe4 4. dxe4 Nf6 5. Nf3 b6 6. Nbd2 Be7 7. e5 Nd5 8. Qe4 c6 9. Qg4 g6 10. c3 Nd7 11. Ne4 Nc5 12. Nxc5 Bxc5 13. Bg5 Be7 14. 0-0-0 Qc7 15. c4 Nb4 16. Bxe7 Qxe7 17. a3 Na6 18. Rd6 Bb7 19. Nd4 c5 20. Nb5 Nc7 21. Nxc7+ Qxc7 22. Be2 0-0 23. h4 Rad8 24. Rxd8 Rxd8 25. Qg5 Rd4 26. h5 Qd8 27. Qxd8+ Rxd8 28. hxg6 hxg6 29. f3 Kg7 30. Rd1 Rxd1+ 31. Kxd1 Kh6 32. g3 Kg5 33. f4+ Kf5 34. Kd2 Ke4 35. b3 g5 36. Bd3+ Kd4 37. Bc2 Be4 38. Bd1 a6 39. Bh5 Bg6 40. Bf3 b5 41. cxb5 axb5 42. Be2 c4 43. bxc4 bxc4 44. Bf3 c3+ 45. Kc1 gxf4 46. gxf4 Ke3 47. Bh1 Kxf4 48. a4 Kxe5 49. a5 Bd3 50. Bb7 Kd6 51. a6 Kc7 52. Bf3 Kb6 0-1

[Event "CRO-chT U16"]
[Site "Crikvenica"]
[Date "2021.12.18"]
[Round "2.4"]
[White "Ivancic, Ivan"]
[Black "Begic, Klara"]
[Result "1-0"]
[WhiteElo "1167"]
[BlackElo "1483"]
[PlyCount "115"]
[EventDate "2021.12.18"]
[EventType "team-tourn"]
[EventRounds "7"]
[EventCountry "CRO"]
[SourceTitle "CBM 206 Extra"]
[Source "ChessBase"]
[SourceDate "2022.03.31"]
[SourceVersion "1"]
[SourceVersionDate "2022.03.31"]
[SourceQuality "1"]
[WhiteTeam "Crikvenica"]
[BlackTeam "Kastel Novi Sedlar"]
[WhiteTeamCountry "CRO"]
[BlackTeamCountry "CRO"]

1. e4 e6 2. d4 d5 3. Nc3 dxe4 4. Nxe4 Nd7 5. Nf3 Ngf6 6. Nxf6+ Nxf6 7. Bc4 Be7 8. 0-0 0-0 9. Re1 c5 10. dxc5 Bxc5 11. Be3 Bxe3 12. Rxe3 Qc7 13. Bb3 b6 14. Qe2 Bb7 15. h3 a5 16. a3 Nd5 17. Bxd5 Bxd5 18. b3 Rad8 19. c4 Bb7 20. Rd1 Qc5 21. a4 Qf5 22. Red3 Rxd3 23. Rxd3 Re8 24. Qe3 e5 25. Qxe5 Qc8 26. Qd6 Bxf3 27. Rxf3 Re6 28. Qd3 h6 29. Re3 Rf6 30. Qe2 Qc7 31. Re7 Qf4 32. Re8+ Kh7 33. Qe4+ Qxe4 34. Rxe4 Rd6 35. Kf1 Kg6 36. Ke2 f5 37. Re3 Kf6 38. f4 g5 39. g3 Rd4 40. Rd3 Re4+ 41. Kf3 Re6 42. g4 fxg4+ 43. hxg4 gxf4 44. Kxf4 Kg6 45. Rd5 Rc6 46. Ke5 Kg5 47. Rd4 Rc5+ 48. Ke6 Rc8 49. Kd7 Rh8 50. Kc7 Rf8 51. Kxb6 Rb8+ 52. Kxa5 Rxb3 53. c5 Kf6 54. c6 Rc3 55. Kb6 Ke5 56. Rd8 Rb3+ 57. Kc7 Rb4 58. a5 1-0

[Event "Oskarja Memorial 10th"]
[Site "Chess.com INT"]
[Date "2021.01.16"]
[Round "12"]
[White "Begic, Klara"]
[Black "Garic, Mario"]
[Result "1-0"]
[WhiteElo "1662"]
[BlackElo "1672"]
[PlyCount "49"]
[EventDate "2021.01.16"]
[EventType "swiss (blitz)"]
[EventRounds "15"]
[EventCountry "SLO"]
[SourceTitle "CBM 200 Extra"]
[Source "ChessBase"]
[SourceDate "2021.03.31"]
[SourceVersion "1"]
[SourceVersionDate "2021.03.31"]
[SourceQuality "1"]

1. d4 Nf6 2. Bf4 g6 3. Nf3 Bg7 4. Nbd2 d6 5. e4 Nbd7 6. Bd3 0-0 7. c3 Re8 8. Qe2 e5 9. dxe5 dxe5 10. Bg5 Qe7 11. 0-0-0 h6 12. Bxf6 Bxf6 13. h4 h5 14. Nh2 Nc5 15. Bc2 Bxh4 16. g4 Bg5 17. gxh5 f5 18. hxg6 Be6 19. exf5 Bxa2 20. Qh5 Nb3+ 21. Bxb3+ Bxb3 22. Ng4 Qg7 23. Qxg5 Bxd1 24. f6 Qd7 25. f7+ 1-0

[Event "Oskarja Memorial 10th"]
[Site "Chess.com INT"]
[Date "2021.01.16"]
[Round "8"]
[White "Bozanic, Ivica"]
[Black "Begic, Klara"]
[Result "1-0"]
[WhiteElo "2101"]
[BlackElo "1662"]
[PlyCount "117"]
[EventDate "2021.01.16"]
[EventType "swiss (blitz)"]
[EventRounds "15"]
[EventCountry "SLO"]
[SourceTitle "CBM 200 Extra"]
[Source "ChessBase"]
[SourceDate "2021.03.31"]
[SourceVersion "1"]
[SourceVersionDate "2021.03.31"]
[SourceQuality "1"]

1. e4 e6 2. d4 d5 3. Nc3 Bd7 4. Bd3 dxe4 5. Nxe4 Nf6 6. Nf3 Nc6 7. c3 h6 8. Qe2 Nxe4 9. Qxe4 Bd6 10. h4 Qf6 11. g4 Qe7 12. Bd2 0-0-0 13. 0-0-0 f5 14. gxf5 exf5 15. Qxe7 Nxe7 16. h5 Bc6 17. Rh3 Rde8 18. Nh4 f4 19. Re1 Bd7 20. Rhh1 Bg4 21. Ng6 Nxg6 22. Bxg6 Rxe1+ 23. Rxe1 Bf3 24. c4 c6 25. Bc3 Rg8 26. a3 Kc7 27. c5 Bf8 28. Re5 Kd7 29. Rf5 Be7 30. Bd2 Bg5 31. Bxf4 Bxf4+ 32. Rxf4 Bd5 33. Kd2 Ke7 34. Ke3 Rf8 35. Rxf8 Kxf8 36. Kf4 Ke7 37. Ke5 a6 38. b4 Bf3 39. Kf4 Bd5 40. Kf5 Be6+ 41. Ke5 Bd5 42. f4 Bf3 43. f5 Bd5 44. a4 Bb3 45. a5 Bd5 46. Bh7 Bf3 47. Bg6 Bd5 48. f6+ gxf6+ 49. Kf4 Bc4 50. Bf5 Bd5 51. Bc8 Bf7 52. Bxb7 Bxh5 53. Bxa6 Be8 54. Be2 Kd7 55. a6 Kc7 56. Kf5 h5 57. Kxf6 h4 58. Bg4 h3 59. Bxh3 1-0